[Event "Bremen-ch op"]
[Site "Bremen"]
[Date "2018.03.24"]
[Round "1"]
[White "Schmid, Wilfried"]
[Black "Barseghyan, Suren"]
[Result "1-0"]
[WhiteElo "1777"]
[BlackElo "1321"]
[PlyCount "83"]
[EventDate "2018.03.24"]
[EventType "swiss"]
[EventRounds "9"]
[EventCountry "GER"]
[SourceTitle "EXT 2019"]
[Source "ChessBase"]
[SourceDate "2018.10.10"]
[SourceVersion "1"]
[SourceVersionDate "2018.10.10"]
[SourceQuality "1"]

1. e4 e5 2. Nf3 Nc6 3. d4 exd4 4. Nxd4 Nf6 5. Nc3 Bb4 6. Nxc6 bxc6 7. Bg5 h6 8. Bh4 0-0 9. Qd4 Be7 10. Be2 Re8 11. 0-0 d6 12. Rad1 Bg4 13. f3 c5 14. Qf2 Be6 15. b3 Rb8 16. Rfe1 Nh5 17. Bxe7 Qxe7 18. f4 Qf6 19. Bxh5 Qxc3 20. f5 Bd7 21. Rd3 Qf6 22. c4 Qg5 23. Rh3 g6 24. fxg6 fxg6 25. Bxg6 Rf8 26. Rg3 Bg4 27. Bf5 h5 28. h3 Kh8 29. hxg4 Qh4 30. Rh3 Qxf2+ 31. Kxf2 Kg7 32. Rxh5 Rbe8 33. Reh1 Rh8 34. Rxh8 Rxh8 35. Rxh8 Kxh8 36. g5 Kg7 37. Ke3 Kf7 38. Kf4 a5 39. e5 Ke7 40. g6 Kf8 41. e6 Ke7 42. Kg5 1-0